000
00231nam a2200097Ia 4500
008
240331s9999 xx 000 0 und d
082
_a
294.4
_b
KAL
100
_a
Kalghatgi, T.G.
245
0
_a
Jainism :
_b
through prakrt sources
942
_c
L
999
_c
935
_d
935